| 000 | 00512nam a2200169Ia 4500 | ||
|---|---|---|---|
| 008 | 230125s9999 xx 000 0 und d | ||
| 041 | _aeng | ||
| 082 |
_a823 _bGOL/COX |
||
| 100 |
_aGoldratt E M _9109872 |
||
| 245 | _aThe goal : a process of ongoing improvement | ||
| 260 |
_c2004 _bProductivity and Quallity Publishing Pvt. Ltd. _aMadras |
||
| 300 | _a349p | ||
| 500 | _aLiterature;Novels;English Literature | ||
| 650 | _aEnglish Literature | ||
| 700 |
_aGoldratt E M & Cox J _9109873 |
||
| 999 |
_c90486 _d90486 |
||